LIBRARY & INFORMATION CENTRE, KCAET, TAVANUR

ONLINE PUBLIC ACCESS CATALOGUE (OPAC)

Civil engineering books / (Record no. 3778)

MARC details
000 -LEADER
fixed length control field 00360cam a2200145ua 4500
041 ## - LANGUAGE CODE
Language code of text/sound track or separate title eng
082 ## - DEWEY DECIMAL CLASSIFICATION NUMBER
Classification number 028.75
Item number SHA/CI
100 ## - MAIN ENTRY--AUTHOR NAME
Personal name Shahane, Alexander.
245 ## - TITLE STATEMENT
Title Civil engineering books /
260 ## - PUBLICATION, DISTRIBUTION, ETC. (IMPRINT)
Place of publication Mumbai :
Name of publisher Engineering Book Co..
300 ## - PHYSICAL DESCRIPTION
Number of Pages 315 ; .
942 ## - ADDED ENTRY ELEMENTS (KOHA)
Koha item type Books
Holdings
Withdrawn status Lost status Damaged status Home library Current library Date acquired Full call number Accession Number Koha item type
      KAUAET   07/04/2012 028.75 3058 Books
free website counter